Cuore di farfalla : [romanzo] /
Gespeichert in:
| 1. Verfasser: | |
|---|---|
| Weitere Verfasser: | |
| Format: | Buch |
| Sprache: | Italienisch |
| Veröffentlicht: |
Milano :
Sonda,
©2023
|
| Tags: |
Keine Tags, Fügen Sie das erste Tag hinzu!
|
MARC
| LEADER | 00000nam a22000007i 4500 | ||
|---|---|---|---|
| 001 | IT\ICCU\MOD\1756121 | ||
| 003 | ItRI | ||
| 005 | 20260115232139.0 | ||
| 008 | 230330s2023 it |||||| |||||1|||||c | ||
| 020 | |a 9788872242032 | ||
| 040 | |b ita |c importazione bologna sebina | ||
| 041 | 7 | |a ita |2 ISO-639-2 | |
| 082 | |a 853.92 |9 NARRATIVA ITALIANA, 2000- |2 23 | ||
| 100 | 1 | |a Ottanelli, Chiara |0 IT\ICCU\PAVV\074883 |4 aut | |
| 240 | 1 | 0 | |a Cuore di farfalla |3 IT\ICCU\MOD\1756123 |9 Ottanelli, Chiara |
| 245 | 1 | 0 | |a Cuore di farfalla : |b [romanzo] / |c Chiara Ottanelli ; illustrato da Veronica Carratello. |
| 260 | |a Milano : |b Sonda, |c ©2023 | ||
| 300 | |a 271 p. : |b ill. ; |c 22 cm | ||
| 700 | 1 | |a Carratello, Veronica |0 IT\ICCU\BVEV\178485 |4 ill | |
| 790 | 1 | |a Veci Carratello, Veronica |3 IT\ICCU\CFIV\374151 |z Carratello, Veronica | |
| 942 | |2 ddc |c BK |n 0 | ||
| 952 | |0 0 |1 0 |4 0 |6 R_853_920000000000000_OTT |7 0 |9 20853 |a BO |b BO |d 2026-01-15 |i 20429 |l 0 |o R 853.92 OTT |p BO20429 |r 2026-01-15 23:21:39 |w 2026-01-15 |x [Sebina 5] [1 v.] |y BK |z 1 v. | ||
| 999 | |c 17815 |d 17815 | ||